000
00294cam a22001097a 4500
008
180718b1997 xxu||||| |||| 00| 0 eng d
082
_a
A84x6761 Ug1
245
_a
Uganda
260
_a
Kampala
_b
Ministry of Tourism, Wildlife and Antiquities
_c
1997
300
_a
v.p.
650
_a
Uganda - Yearbooks
999
_c
390348
_d
390348